Anni Senza Fine Il nascere di nuove civilta' alla conquista del pianeta terra

Tallennettuna:
Bibliografiset tiedot
Päätekijä: Clifford D.Simak
Aineistotyyppi: Kirja
Kieli:määrittelemätön
Julkaistu: Oscar Fantascienza Mondadori
Tagit: Lisää tagi
Ei tageja, Lisää ensimmäinen tagi!

MARC

LEADER 00000nam a2200000Ia 4500
001 R-828
003 CODICE-MESSINA
005 20260212102458.0
008 260211s9999 xx 000 0 und d
040 |c importazione_messina 
100 |a Clifford D.Simak 
245 0 |a Anni Senza Fine 
245 0 |b Il nascere di nuove civilta' alla conquista del pianeta terra 
260 |b Oscar Fantascienza Mondadori 
942 |2 ddc  |c BK 
952 |0 0  |1 0  |2 ddc  |4 0  |6 SCAFFALE_7_000000000000000__ROMANZI  |7 0  |9 31655  |a ME  |b ME  |d 2026-02-11  |l 0  |o SCAFFALE 7 - ROMANZI  |p R-828  |r 2026-02-11 23:52:41  |w 2026-02-11  |x [REVISIONARE]  |y BK 
999 |c 27320  |d 27320